000
00351nam a2200157Ia 4500
999
_c
14165
_d
14165
003
OSt
005
20260401125715.0
008
260210s9999 xx 000 0 und d
020
_a
9789881296757
082
_a
725.2
100
_a
TIAGODO VALE
245
0
_a
URBAN COMPLEX
260
_b
DESIGN MEDIA PUB 2014
260
_c
2014
942
_c
BPLAN
_2
ddc